Le Monde rural haut-marnais, 18e journées d’art et d’histoire, Montigny-le-Roi, 11 octobre 1997, Cahiers Haut-Marnais, n° 224-225, 1er-2e trimestres 2001, Chaumont, 2002, 87 p. (notice n° 1585302)
[ vue normale ]
| 000 -LEADER | |
|---|---|
| fixed length control field | 00639cam a2200145 4500500 |
| 005 - DATE AND TIME OF LATEST TRANSACTION | |
| control field | 20251228053359.0 |
| 041 ## - LANGUAGE CODE | |
| Language code of text/sound track or separate title | fre |
| 042 ## - AUTHENTICATION CODE | |
| Authentication code | dc |
| 100 10 - MAIN ENTRY--PERSONAL NAME | |
| Personal name | Bernet, Jacques |
| Relator term | author |
| 245 00 - TITLE STATEMENT | |
| Title | Le Monde rural haut-marnais, 18e journées d’art et d’histoire, Montigny-le-Roi, 11 octobre 1997, Cahiers Haut-Marnais, n° 224-225, 1er-2e trimestres 2001, Chaumont, 2002, 87 p. |
| 260 ## - PUBLICATION, DISTRIBUTION, ETC. | |
| Date of publication, distribution, etc. | 2005.<br/> |
| 500 ## - GENERAL NOTE | |
| General note | 17 |
| 786 0# - DATA SOURCE ENTRY | |
| Note | Histoire & Sociétés Rurales | 24 | 2 | 2005-10-01 | p. 171zg-276zg | 1254-728X |
| 856 41 - ELECTRONIC LOCATION AND ACCESS | |
| Uniform Resource Identifier | <a href="https://shs.cairn.info/revue-histoire-et-societes-rurales-2005-2-page-171zg?lang=fr&redirect-ssocas=7080">https://shs.cairn.info/revue-histoire-et-societes-rurales-2005-2-page-171zg?lang=fr&redirect-ssocas=7080</a> |
Pas d'exemplaire disponible.




Réseaux sociaux